| 000 | 00630cam a22001457a 4500 | ||
|---|---|---|---|
| 008 | 180718b1996 xxu||||| |||| 00| 0 eng d | ||
| 082 | _aQ43065 St29/96 | ||
| 245 |
_aStatistics on children in India: pocket book 1996 _cby National Institute of Public Cooperation and Child Development, India |
||
| 250 | _a7th rev. ed. | ||
| 260 |
_aNew Delhi _bNational Institute of Public Cooperation and Child Developmemt _c1996 |
||
| 300 | _a280p. | ||
| 650 | _aChild welfare --India --Statistics | ||
| 650 | _aChildren --India --Social conditions --Statistics | ||
| 700 | _aIndia. National Institute of Public Cooperation and Child Developmemt | ||
| 999 |
_c501643 _d501643 |
||